Star-Wars-Charaktere in den Prequels und der Originaltrilogie - Statistiken

Allgemein
  • Dieses Quiz wurde 781 mal gespielt
  • Das Durchschnittsergebnis liegt bei 10 aus 14
Antwortstatistiken
Filme Antwort % Korrekt
I-VI Anakin Skywalker / Darth Vader
99%
I-VI Obi-Wan Kenobi
98%
I-III, V-VI Yoda
93%
III-VI Luke Skywalker
92%
III-VI Leia Organa
90%
I-III, V-VI Sheev Palpatine / Darth Sidious
88%
I-VI C-3PO
85%
I-VI R2-D2
85%
III-VI Chewbacca
69%
II, IV-VI Boba Fett
56%
I, IV, VI Jabba der Hutte
46%
III-IV Wilhuff Tarkin
36%
II-IV Owen Lars
29%
II-IV Beru Lars
22%
Keine übereinstimmenden Quizze gefunden
Verteilung der Resultate
Anzahl Personen mit jedem Resultat
Perzentil nach korrekt beantworteten Fragen
Ihre Resultats-Entwicklung
Sie haben dieses Quiz noch nicht gespielt